000 00192 a2200097 4500
020 _a9780676979695
041 _aeng
100 _aLast, First
245 _aThe museum of innocence
942 _cBK
999 _c10917
_d10917